Development of children : study guide
Αποθηκεύτηκε σε:
| Κύριος συγγραφέας: | |
|---|---|
| Μορφή: | Βιβλίο |
| Γλώσσα: | English |
| Δημοσίευση: |
New York :
W.H. Freeman,
1997
|
| Έκδοση: | 3rd ed. |
| Θέματα: | |
| Ετικέτες: |
Προσθήκη ετικέτας
Δεν υπάρχουν, Καταχωρήστε ετικέτα πρώτοι!
|
MARC
| LEADER | 00000nam a2200000 i 4500 | ||
|---|---|---|---|
| 001 | 1/96535 | ||
| 008 | 991215s1997 eng d | ||
| 020 | |a 0-7167-2807-9 | ||
| 035 | |l 10055799 | ||
| 040 | |a GR-MY-UA |b gre |e aacr | ||
| 041 | 0 | |a eng | |
| 082 | 0 | |a 155.4 | |
| 100 | 1 | |a Stolarz-Fantino, Stephanie. | |
| 245 | 1 | 0 | |a Development of children : |b study guide / |c Stephanie Stolarz-Fantino |
| 246 | 3 | 4 | |a Study guide for Cole and Cole's The development of children |
| 250 | |a 3rd ed. | ||
| 260 | |a New York : |b W.H. Freeman, |c 1997 | ||
| 300 | |a 259 p. | ||
| 650 | 0 | 0 | |a Child psychology. |
| 650 | 0 | 0 | |a Developmental psychology. |
| 650 | 0 | 0 | |a Child development. |
| 852 | |a INST |b RHODES |e 19991215 |h 155.4 STO |p 005400012890 |q 005400012890 |t BK |y 0 | ||
| 901 | |a BIBL4-2000-1 | ||
| 909 | |a Ρ |b 070597 | ||
| 922 | |a 4ΕΛΗ |b 199911 |c ΚΠΣ/154 |d GLORY BOOKS | ||
| 970 | |a ΚΟΥΛΑΚΙΟΤΗ |b ΛΙΤΣΑ |z 2000/01/10 | ||